Thüringen A-Z - Statistiken

Allgemein
  • Dieses Quiz wurde 150 mal gespielt
  • Das Durchschnittsergebnis liegt bei 12 aus 18
Antwortstatistiken
Buchstabe Beschreibung Antwort % Korrekt
E Hauptstadt Erfurt
97%
J Zweitgrößte Stadt Jena
95%
M Vorname des Reformators, der auf der Wartburg Exil suchte. Martin Luther
91%
F Amtlicher Namenszusatz Thüringens Freistaat
89%
S Längster Fluss Saale
87%
W Sterbeort von u.a. Goethe und Schiller; Namensgeber der Epoche 1918-1933 Weimar
87%
B ''Fastfood'', wofür T berühmt ist. Bratwurst
85%
G Östlichste Großstadt Gera
85%
Z Nachname eines Mechanikers und Unternehmers(*1816), der sich der Feinmechanik und Optik widmete. Zeiss
79%
R Nachname des momentanen Ministerpräsidenten Ramelow
78%
I Universitätsstadt am nordöstlichen Rand des Thüringer Waldes. Ilmenau
66%
U Wasserreichster Zufluss von S Unstrut
62%
H Einziger Nationalpark Hainich
56%
A Als ''Glockenstadt'' bekannt Apolda
51%
T Gott, auf den T namentlich zurückgeht. Thor
48%
K Nachname des nur kurzzeitig amtierenden 6. Ministerpräsidenten(*1965) Kemmerich
32%
C Vorname eines Dichters(*1733), der eine der bedeutendsten Persönlichkeiten der Aufklärung war. Starb in W. Christoph Martin Wieland
31%
O 35km langer Fluss, der in die Elbe mündet. Orla
30%
Keine übereinstimmenden Quizze gefunden
Verteilung der Resultate
Anzahl Personen mit jedem Resultat
Perzentil nach korrekt beantworteten Fragen
Ihre Resultats-Entwicklung
Sie haben dieses Quiz noch nicht gespielt